00613nam a2200169Ia 4500008004100000041000800041082001500049100002100064245006000085260003900145300000800184365001600192700004000208906003100248999001900279952014500298230718s9999 xx 000 0 und d aeng a621.7bCHO aChoudhury S.K.H. aElements Of Workshop Technology bVol.II: Machine Tools c2008bMedia Promoters & Publishers a700 cRs.b200.00 aChoudhury S.K.H. & Choudhury A.K.H. dB:694111-Dec-2008cSSb170 c320465d320465 00104070aCCEPbCCEPd2009-02-26eTbsfSSg166.00i6941l0o621.7pCCEP-BK-31672r2023-07-18 00:00:00t170v200.00w2008-12-11yBKz031672